Score 0/12 Timer 01:30
1 Play Today
% Correct
One
96.5%
Zero
96.2%
Four
95.1%
Six
93.6%
Five
91.2%
Eight
91.1%
Twenty-two
91.1%
Two
90.9%
Eleven
90.7%
Seven
88.1%
Forty
84.5%
A thousand
82.3%

Today's Daily Dose

Missing Word
Extinct Animals

Get the Picture
Cornetto Trilogy

Remove Ads.
Support Sporcle.
Get the best of Sporcle when you Go Orange. This ad-free experience offers more features, more stats, and more fun while also helping to support Sporcle. Thank you for becoming a member.

You're not logged in!

Compare scores with friends on all Sporcle quizzes.
OR
Log In

Show Comments

Extras

Top Quizzes Today


Score Distribution

Your Account Isn't Verified!

In order to create a playlist on Sporcle, you need to verify the email address you used during registration. Go to your Sporcle Settings to finish the process.

Report this User

Report this user for behavior that violates our Community Guidelines.

Details: